000 00641nam a2200229 i 4500
001 C2-0224315
003 PPAK
005 20180728152855.0
008 000402s1989 io a|||| ||||| | may d
020 _a9794610488
040 _aPPAK
_beng
_cPPAK
_erda
082 0 4 _a891.5
_223
090 0 0 _a891.5
_bHAR
_dKSA
245 0 0 _aHari pertama di liang kubur
264 1 _aJakarta, Indonesia :
_bYayasan Obor Indonesia ,
_c1989
300 _axxviii, 286 pages :
_billustrations ;
_c17 cm
336 _2rdacontent
_atext
337 _2rdamedia
_aunmediated
338 _2rdacarrier
_avolume
650 1 0 _aIranian literatures
942 _ddc
_cB
999 _c145241
_d145241